| 000 | 00000nam##2200000za#4500 |
| 001 | 9.631648 |
| 003 | CaOODSP |
| 005 | 20210624214427 |
| 007 | cr ||||||||||| |
| 008 | 150407|2004||||xxc|||||o f|0| 0 fre|d |
| 020 | |a0-662-78108-2 |
| 040 | |aCaOODSP|bfre |
| 043 | |an-cn--- |
| 086 | 1 |aHS28-9/2004F-PDF |
| 110 | 1 |aCanada. |bRessources humaines et développement des compétences Canada. |
| 245 | 10|aVérification interne de la mise en Ĺ“uvre de la gestion moderne à DRHC |h[ressource électronique] |
| 260 | |aOttawa - Ontario : |bRessources humaines et Développement des compétences Canada |c2004. |
| 590 | |a13-09-Supp|b2013-04-04 |
| 691 | 07|aVérification|2gcpds |
| 691 | 07|aGestion|2gcpds |
| 775 | 08|tInternal audit of the implementation of modern management at HRDC |w(CaOODSP)9.687187 |
| 856 | 40|ahttp://publications.gc.ca|qPDF|s557 Ko|uhttps://publications.gc.ca/collections/collection_2013/rhdcc-hrsdc/HS28-9-2004-fra.pdf |
| 986 | |aSP-609-01-05F |